| 000 | 00456cam a2200181ua 4500 | ||
|---|---|---|---|
| 020 | _cRs. 4.00 | ||
| 041 |
_amal _h |
||
| 082 |
_a928.94812 _bMUN/KO |
||
| 100 | _aMundassery, Joseph . | ||
| 245 |
_aKozhinja Iiakal / _cJoseph Mundassery. _hTextual Documents |
||
| 260 |
_aThrissur : _bThe Mangalodayam Pvt Ltd , _c1965. |
||
| 300 | _a276 ; . | ||
| 365 | _aRs. 4.00 | ||
| 504 | _a | ||
| 942 | _cBK | ||
| 999 |
_c624 _d624 |
||